| 000 | 00754nam a2200217Ia 4500 | ||
|---|---|---|---|
| 001 | 7015 | ||
| 003 | GE_BSU | ||
| 008 | 181216s||||||||xx |||||||||||||| ||und|| | ||
| 040 | _cGE_BSU | ||
| 080 | _a531.1/2(075.8) | ||
| 100 | _aБать,М.И. Джанелидзе,Г.Ю. | ||
| 245 | _aТеоретическая механика в примерах и задачах.Том первый:статика и кинематика. | ||
| 245 | _bУчебное пособие. | ||
| 250 | _aИзд. второе, исправл. | ||
| 260 | _aМ. | ||
| 260 | _bФизматгиз. | ||
| 260 | _c1963. | ||
| 300 | _a484стр. с илл. | ||
| 653 | _aТеоретическая механика. Статика и кинематика. | ||
| 942 | _cBK | ||
| 999 |
_c40407 _d40407 |
||